1899 1696 1700 1215 1588 1109 1433 1539 1904 1935 1421 1772 1356 1619 1380 1996 1796 1736 1901 1768 1943 1129 1155 1275 1730 1747 1072 1359 1000 1750 1256 1660 1437 1546 1346 1826 1189 1665 1624 1405 1150 1506 1669 1652 1843 1050 1146 1149 1104 1921 1009 1741 1701 1544 1346 1680 1099 1720 1049 1438 1773 1991 1197 1503 1837 1754 1170 1044 1900 1196 1537 1743 1061 1405 1834 1003 1331 1525 1134 1832 1451 1816 1079 1492 1448 1225 1565 1622 1430 1737 1871 1870 1734 1731 1422 1839 1147 1495 1514 BCNSPRNW ULIB Ver.6.0+V

เปลี่ยนเป็นภาษาไทย

Change to English
 แสดงรายละเอียดบรรณานุกรม
  กลับหน้าหลัก

Brief Record : Get Marc (ISO 2709) : E-mail record : QR code < ปิดหน้าต่าง
LEADER : 00000nam 2200000uu 4500
001    13399125167
003     ULIB
008    161026s2558||||th 000 0 tha d
020    ^a9786163940292
050  4 ^aDS578.32.T43^bบ682ธ
245 00 ^aธรรมะสมเด็จย่า (ฉบับสมบูรณ์)^bสมเด็จย่าพระราชทานตอบคำถามด้วยลายพระหัตถ์ 360 ข้อผ่านการกราบบังคมทูลสัมภาษณ์ โดยคุณอัครวัฒน์ โอสถานุเคราะห์ วันที่ 18-21 มิถุนายน 2521 ณ กรุงโลซานน์ ประเทศสวิตเซอร์แลนด์ /^cบริษัท ไทยประกันชีวิต จำกัด (มหาชน)
250    ^aพิมพ์ครั้งที่ 1
260    ^aกรุงเทพฯ :^bบริษัท แอคมี พรินติ้ง จำกัด,^c2558
300    ^a276หน้า :^bภาพประกอบสี ;^c30 ซม.
945    ^p0^l0^i001419
999    ^aณรีรัตน์
รายการนี้ยังไม่มีแท็ก
คุณยังไม่ได้ล็อกอิน คุณสามารถมีกิจกรรมร่วมกับเว็บไซต์ได้ แต่ต้องล็อกอินก่อน ::
  ล็อกอิน

รายการสื่อสารสนเทศ

ลำดับที่ ประเภท เลขเรียก/บาร์โค้ด สถานที่ สถานะ
1. การศึกษาทั่วไป
การศึกษาทั่วไป
DS578.32.T43 บ682ธ ฉ.1 
  Barcode: 001419
ห้องสมุดวิทยาเขตสวรรค์ประชารักษ์
►หนังสือทั่วไป
บนชั้น

BibComment


ยังไม่เคยถูกคอมเมนท์

คอมเมนท์ทรัพยากรรายการนี้
  คอมเมนท์: ธรรมะสมเด็จย่า ฉ..


 Copyright 2026. Bcnsprnw @Library